000 00589nam a22002297a 4500
003 OSt
005 20260427142516.0
008 260427b |||||||| |||| 00| 0 eng d
020 _a978-81-264-3017-8
040 _cSBCL
082 _a894.8123
_bMUK-T
100 _aMukundan, M
245 _aThattathippenninte Kalyanam
260 _aKizhakkemuri Edam
_bDC Books
_c2025
300 _a88p.
630 _x: Literature & rhetoric
650 _a Dravidian languages
650 _a South Dravidian languages
650 _a Malayalam
650 _aShort stories
942 _cBOOK
999 _c138065
_d138065